00345nam a2200133Ia 4500008004100000041000800041082001400049100001900063245003900082250001400121260003900135300003000174365000700204240624s9999 xx 000 0 und d aeng a519.5 LEV aLEVINE DAVID M aBUSINESS STATISTICS A FIRST COURSE a(3rd ed.) c2004aNew DelhibPearson Education axx, : 731 : p. : cm. ; 26 cRS